000 00943nam a2200277 i 4500
003 DO-SdBNP
005 20260305073952.0
007 ta
008 260217b2025 dr ab||| |||| 00| 0 spa d
020 _a9789945510973
040 _aDO-SdBNP
_bspa
_cBNPHU
_erda
041 _aspa
082 4 _axxx
_bM938h
_222
100 1 _aMoya Pons, Frank,
_d1944-
_eautor
_4aut.
_92095
245 1 0 _aHistoria dominicana para todos (1) :
_bensayo /
_cFrank Moya Pons ; edición, Clara Dobarro
264 4 _aSanto Domingo :
_bMinisterio de Cultura;
_bEditora Nacional,
_c©2025.
300 _a101 páginas :
_bilustraciones, mapas ;
_c21 cm.
336 _atexto
_btxt
_2rdacontent
337 _asin mediación
_bn
_2rdamedia
338 _avolumen
_bnc
_2rdacarrier
500 _aIncluye datos biográficos del autor en las solapas
590 _aInventariado, 2026/BT
700 1 _aDobarro, Clara,
_eeditor
_4ed.
_934619
910 _aBtavárez
942 _2ddc
_cLBS1
999 _c60337
_d60337